000 00280nam a22001097a 4500
008 170119b xxu||||| |||| 00| 0 eng d
020 _a9781401827205
041 _aeng
080 _a618.2
245 _aWORKBOOK TO ACCOMPANY CLINICAL MEDICAL ASSISTING
_cHELLER, M.E
942 _2udc
_cBK
999 _c3168
_d3168